| Tag |
First Indicator |
Second Indicator |
Subfields |
| LEADER |
00000cam a2200000 i 4500 |
| 001 |
in00003887021 |
| 005 |
20170731082404.0 |
| 008 |
170308s2017 ii b 001 0 eng |
| 010 |
|
|
|a 2016052230
|
| 035 |
|
|
|a (OCoLC)ocn975173661
|
| 040 |
|
|
|a DLC
|e rda
|c DLC
|
| 020 |
|
|
|a 9789386062253
|q (pbk. :
|q alk. paper)
|
| 020 |
|
|
|a 9386062259
|q (pbk. :
|q alk. paper)
|
| 043 |
|
|
|a a-ii---
|
| 050 |
0 |
0 |
|a G155.A1
|b .V375 2017
|
| 082 |
0 |
0 |
|a 338.4/791
|2 23
|
| 049 |
|
|
|a TXAM
|
| 100 |
1 |
|
|a Vasudevan, Venu,
|e author.
|
| 245 |
1 |
3 |
|a An introduction to the business of tourism /
|c Venu Vasudevan, Vijayakumar B., Saroop Roy B.R.
|
| 264 |
|
1 |
|a New Delhi :
|b SAGE Publications India,
|c 2017.
|
| 300 |
|
|
|a xxxiii, 433, 9, 6 pages :
|b illustrations ;
|c 25 cm.
|
| 336 |
|
|
|a text
|b txt
|2 rdacontent
|
| 337 |
|
|
|a unmediated
|b n
|2 rdamedia
|
| 338 |
|
|
|a volume
|b nc
|2 rdacarrier
|
| 504 |
|
|
|a Includes bibliographical references and index.
|
| 650 |
|
0 |
|a Tourism
|x Management.
|
| 650 |
|
0 |
|a Tourism
|z India
|x Management.
|
| 945 |
|
|
|b 181936
|
| 947 |
|
|
|a A14850126674
|
| 948 |
|
|
|a cataloged
|b h
|c 2017/7/31
|d c
|e dmitchel
|f 8:20:10 am
|
| 994 |
|
|
|a 92
|b TXA
|
| 999 |
f |
f |
|s a7dbe5ff-2c7b-3e0e-abc3-ca86af5c2599
|i 4b671f9a-fadc-38eb-8278-c093d186b7e1
|t 0
|
| 952 |
f |
f |
|p normal
|a Texas A&M University
|b College Station
|c Sterling C. Evans Library
|d Evans: Library Stacks
|t 0
|e G155.A1 .V375 2017
|h Library of Congress classification
|i unmediated -- volume
|m A14850126674
|
| 998 |
f |
f |
|a G155.A1 .V375 2017
|t 0
|l Evans: Library Stacks
|